BIBLIOTECA

SENCICO

Manual práctico para la instalación y conservación de una distribución de agua (Registro nro. 3554)

Detalles MARC
000 -LEADER
fixed length control field 00742nam a2200193Ia 4500
005 - DATE AND TIME OF LATEST TRANSACTION
control field 20251020182618.0
008 - FIXED-LENGTH DATA ELEMENTS--GENERAL INFORMATION
fixed length control field 200515s9999 xx 000 0 und d
082 ## - DEWEY DECIMAL CLASSIFICATION NUMBER
Classification number SC/696.11/M26
100 ## - MAIN ENTRY--PERSONAL NAME
Personal name MARTIN, Jules
245 #0 - TITLE STATEMENT
Title Manual práctico para la instalación y conservación de una distribución de agua
260 ## - PUBLICATION, DISTRIBUTION, ETC.
Place of publication, distribution, etc. Bilbao
260 ## - PUBLICATION, DISTRIBUTION, ETC.
Date of publication, distribution, etc. 1966
300 ## - PHYSICAL DESCRIPTION
Extent 193
520 ## - SUMMARY, ETC.
Summary, etc. Establecimiento de una canalización de agua bajo la calzada comprende dos partes muy diferentes. La primera es la apertura de la zanja, la colocación del tubo y de los accesorios, es decir, el trabajo del montaje de los diversos aparatos (válvulas, bocas,
650 ## - SUBJECT ADDED ENTRY--TOPICAL TERM
Topical term or geographic name entry element ABASTECIMIENTO DE AGUA
650 ## - SUBJECT ADDED ENTRY--TOPICAL TERM
Topical term or geographic name entry element MANUALES
650 ## - SUBJECT ADDED ENTRY--TOPICAL TERM
Topical term or geographic name entry element TUBERIAS
942 ## - ADDED ENTRY ELEMENTS (KOHA)
Koha item type Libros
Existencias
Fecha de la última vez que lo usaron Pago total Signatura topográfica completa Código de barras Precio efectivo desde Tipo de documento Estado perdido Estado dañado No es para préstamo Retirado Ubicación permanente Ubicación actual Fecha de adquisición
15/05/2020   SC/696.11/M26 Bib-Lima15053554 15/05/2020 Libros         Biblioteca Central Lima Biblioteca Central Lima 15/05/2020